International trade and foreign direct investment

Saved in:
Bibliographic Details
Corporate Authors: Eurostat, European Commission
Format: Book
Language:English
Published: Luxembourg Publications Office of the European Union 2013
Series:Eurostat pocketbooks
Subjects:
Tags: Add Tag
No Tags, Be the first to tag this record!

MARC

LEADER 00000nam a2200000 4500
001 0185044
005 20240313135001.5
020 |a 978-92-79-27007-9 
022 |a 1977-7876 
041 0 |a eng 
044 |a LU 
245 1 0 |a International trade and foreign direct investment 
264 1 |a Luxembourg  |b Publications Office of the European Union  |c 2013 
300 |a 102 s. 
490 1 |a Eurostat pocketbooks 
830 0 |a Eurostat pocketbooks 
610 2 0 |a tabuľky štatistické 
610 2 0 |a obchod medzinárodný 
610 2 0 |a investície priame zahraničné 
610 2 0 |a tovar 
610 2 0 |a služby 
610 2 0 |a obchod svetový 
610 2 0 |a údaje štatistické 
610 2 0 |a porovnanie štatistické medzinárodné 
610 2 0 |a Európska únia 
610 2 0 |a svet 
710 2 |a Eurostat 
710 2 |a European Commission